| 000 | 01228nam a2200373 c 4500 | ||
|---|---|---|---|
| 999 |
_c51209 _d51209 |
||
| 001 | 51209 | ||
| 003 | ES-MaCES | ||
| 005 | 20190327134317.0 | ||
| 008 | 190326s2018 sp | | ||| ||spa d | ||
| 017 |
_aAS 2746-2018 _bDL |
||
| 020 | _a9788483676165 | ||
| 040 |
_aES-MaCES _bspa _cES-MaCES |
||
| 100 | 1 |
_911909 _aFernández Márquez, Óscar |
|
| 245 | 1 | 3 |
_aLo individual y lo colectivo _b: en el sistema español de relaciones de trabajo _cÓscar Fernández Márquez |
| 260 |
_aOviedo _bKRK Ediciones _c2018 |
||
| 300 |
_a412 p. _c18cm |
||
| 490 | 1 |
_aLaboral _v1 |
|
| 541 | _cCompra | ||
| 650 | 4 |
_arelaciones laborales _928369 |
|
| 650 | 4 |
_anegociación colectiva _928362 |
|
| 650 | 4 |
_aderechos sindicales _929470 |
|
| 650 | 4 |
_arepresentación de los trabajadores _928379 |
|
| 650 | 4 |
_acontrato de trabajo _928316 |
|
| 650 | 4 |
_aconflicto de trabajo _928367 |
|
| 650 | 4 |
_aprocedimiento laboral _930887 |
|
| 650 | 4 |
_aderecho del trabajo _927165 |
|
| 650 | 4 |
_aderecho comunitario _929866 |
|
| 650 | 4 |
_aEspaña _926964 |
|
| 650 | 4 |
_ateoría legal _929895 |
|
| 653 | 1 | 0 | _aDerecho del trabajo y Seguridad Social |
| 830 | 0 |
_939537 _aLaboral (KRK Ediciones) _v1 |
|
| 902 | _aLIB Libro | ||
| 942 |
_2CES _cBK _h6.0.1. |
||